|
|
|
|
| LEADER |
01918nam a2200409 a 4500 |
| 001 |
EBC1119800 |
| 003 |
MiAaPQ |
| 005 |
20200520144314.0 |
| 006 |
m o d | |
| 007 |
cr cn||||||||| |
| 008 |
121213s2013 njua sb 001 0 eng d |
| 010 |
|
|
|z 2012050404
|
| 020 |
|
|
|z 9781118138618 (cloth)
|
| 020 |
|
|
|z 9781118540176 (cloth)
|
| 020 |
|
|
|a 9781118224953 (electronic bk.)
|
| 035 |
|
|
|a (MiAaPQ)EBC1119800
|
| 035 |
|
|
|a (Au-PeEL)EBL1119800
|
| 035 |
|
|
|a (CaPaEBR)ebr10653556
|
| 035 |
|
|
|a (CaONFJC)MIL450207
|
| 035 |
|
|
|a (OCoLC)821560873
|
| 040 |
|
|
|a MiAaPQ
|c MiAaPQ
|d MiAaPQ
|
| 050 |
|
4 |
|a HD30.2
|b .M626 2013
|
| 082 |
0 |
4 |
|a 004.068/4
|2 23
|
| 100 |
1 |
|
|a Moeller, Robert R.
|
| 245 |
1 |
0 |
|a Executive's guide to IT governance
|h [electronic resource] :
|b improving systems processes with service management, COBIT, and ITIL /
|c Robert R. Moeller.
|
| 260 |
|
|
|a Hoboken, N.J. :
|b John Wiley & Sons, Inc.,
|c 2013.
|
| 300 |
|
|
|a xvi, 395 p. :
|b ill.
|
| 440 |
|
0 |
|a Wiley corporate F & A
|
| 504 |
|
|
|a Includes bibliographical references and index.
|
| 505 |
0 |
|
|a pt. 1. IT governance concepts -- pt. 2. Frameworks to support effective IT governance -- pt. 3. Tools and technologies to manage the IT governance infrastructure -- pt. 4. Building and monitoring effective IT governance systems -- pt. 5. Monitoring and measuring enterprise management and board governance -- pt. 6. IT governance and enterprise objectives.
|
| 533 |
|
|
|a Electronic reproduction. Ann Arbor, MI : ProQuest, 2016. Available via World Wide Web. Access may be limited to ProQuest affiliated libraries.
|
| 650 |
|
0 |
|a Information technology
|x Management.
|
| 650 |
|
0 |
|a Information technology
|x Auditing.
|
| 650 |
|
0 |
|a Electronic data processing departments
|x Auditing.
|
| 655 |
|
4 |
|a Electronic books.
|
| 710 |
2 |
|
|a ProQuest (Firm)
|
| 856 |
4 |
0 |
|u https://ebookcentral.proquest.com/lib/matrademy/detail.action?docID=1119800
|z Click to View
|